| 000 | 01934nam a2200421 a 4500 | ||
|---|---|---|---|
| 001 | dia_5493 | ||
| 003 | CHAP | ||
| 005 | 20250908093926.0 | ||
| 007 | ta | ||
| 008 | 220117s1991 mx ade f 001 0 spa d | ||
| 040 |
_cCHAP _amxchpua |
||
| 090 |
_aT.C.117 _bE87 ETIPA _c1991 |
||
| 245 | 1 | 0 |
_aEstudio técnico e ingenieril de una planta elaboradora y envasadora de frutas y hortalizas, Silao, Guanajuato / _ccoordinadores Teodoro Espinosa Solares y Crescenciano Saucedo Veloz ; colaborador Pablo Aguilar Flores...[et al.] |
| 260 |
_aMéxico : _bEl autor, _c1991 |
||
| 300 |
_acerca 100 hojas : _bilustraciones, tablas, gráficas, planos |
||
| 336 |
_2rdacontent _atexto _btxt |
||
| 337 |
_2rdamedia _asin medio _bn |
||
| 338 |
_2rdacarrier _avolumen _bnc |
||
| 500 | _aGrado : 7° año | ||
| 502 |
_aViaje de estudios _b(ETIPA) -- _cUACh. Departamento de Ingeniería Agroindustrial, _d1991 |
||
| 504 | _aIncluye bibliografía | ||
| 505 | 0 | 0 | _aContiene 6 planos : 1.Diagrama de recorrido de la alcachofa -- 2.Diagrama de recorrido de chiles jalapeños -- 3.Diagrama de recorrido de chile largo -- 4.Diagrama de recorrido de espárragos -- 5.Diagrama de recorrido de mermelada de fresa -- 6.Diagrama de recorrido de pepino picado |
| 650 | 1 | 3 |
_aEnvasado de alimentos _xIndustria y comercio _xMéxico _xGuanajuato _9158787 |
| 650 | 1 | 3 |
_aFruta _xProceso _9158789 |
| 650 | 1 | 3 |
_aLegumbres _xProceso _9158790 |
| 650 | 2 | 3 |
_aFood packing _9148658 _xIndustry and trade _zMexico _zGuanajuato |
| 650 | 1 | 3 |
_aFruits (food) _9158788 |
| 650 | 1 | 3 |
_aLegumes _9154257 |
| 700 | 1 |
_aAguilar Flores, Pablo _ecolaborador _92701 |
|
| 700 | 1 |
_aEspinosa Solares, Teodoro _9153069 _ecoordinador |
|
| 700 | 1 |
_aSaucedo Veloz, Crescenciano _ecoordinador _9102735 |
|
| 901 | _aT.C.117 E87 ETIPA 1991 | ||
| 902 | _aM | ||
| 905 | _a5332271991 mx in 8222223322spa16 | ||
| 942 | _2local | ||
| 942 | _cVE | ||
| 999 |
_c176422 _d176422 |
||